<?xml version="1.0" encoding="UTF-8"?>
<record
    xmlns:xsi="http://www.w3.org/2001/XMLSchema-instance"
    xsi:schemaLocation="http://www.loc.gov/MARC21/slim http://www.loc.gov/standards/marcxml/schema/MARC21slim.xsd"
    xmlns="http://www.loc.gov/MARC21/slim">

  <leader>01430nab a2200241   4500</leader>
  <controlfield tag="003">AR-RoBPED</controlfield>
  <controlfield tag="005">20260422101609.0</controlfield>
  <controlfield tag="008">260422b        |||||||| |||| 00| 0 spa d</controlfield>
  <datafield tag="040" ind1=" " ind2=" ">
    <subfield code="a">AR-RoBPED</subfield>
  </datafield>
  <datafield tag="041" ind1=" " ind2=" ">
    <subfield code="a">spa</subfield>
  </datafield>
  <datafield tag="100" ind1="1" ind2=" ">
    <subfield code="a">P&#xE9;rez Lindo, Paula</subfield>
    <subfield code="9">22099</subfield>
    <subfield code="e">Profesora en Ciencias del Lenguaje y la Comunicaci&#xF3;n para Nivel Secundario y Superior</subfield>
  </datafield>
  <datafield tag="245" ind1="1" ind2="3">
    <subfield code="a">La comprensi&#xF3;n lectora :</subfield>
    <subfield code="b">ovillando y desovillando textos /</subfield>
  </datafield>
  <datafield tag="260" ind1=" " ind2=" ">
    <subfield code="a">Buenos Aires :</subfield>
    <subfield code="b">Noveduc,</subfield>
    <subfield code="c">2024</subfield>
  </datafield>
  <datafield tag="300" ind1=" " ind2=" ">
    <subfield code="a">52-55 p.</subfield>
  </datafield>
  <datafield tag="500" ind1=" " ind2=" ">
    <subfield code="a">La comprensi&#xF3;n lectora es una capacidad metodol&#xF3;gica que se aprende y que, para ser aprendida necesita ser ense&#xF1;ada a trav&#xE9;s de diversas estrategias, es decir, por medio de un conjunto de acciones ordenadas y finalizadas, dirigidas a la consecuci&#xF3;n de una meta. Los lectores competentes son capaces de someter a un an&#xE1;lisis cr&#xED;tico y reflexivo la informaci&#xF3;n que circula de manera cotidiana en los diferentes medios masivos de comunicaci&#xF3;n, teniendo asimismo la posibilidad de transformar su entorno social vali&#xE9;ndose de las habilidades adquiridas. </subfield>
  </datafield>
  <datafield tag="650" ind1=" " ind2="7">
    <subfield code="a">COMPRENSION LECTORA</subfield>
    <subfield code="9">18739</subfield>
  </datafield>
  <datafield tag="650" ind1=" " ind2="7">
    <subfield code="a">APRENDIZAJE</subfield>
    <subfield code="9">560</subfield>
  </datafield>
  <datafield tag="650" ind1=" " ind2="7">
    <subfield code="a">LECTURA</subfield>
    <subfield code="9">160</subfield>
  </datafield>
  <datafield tag="650" ind1=" " ind2="7">
    <subfield code="a">ESTRATEGIAS DE ENSE&#xD1;ANZA</subfield>
    <subfield code="9">12825</subfield>
  </datafield>
  <datafield tag="773" ind1="0" ind2=" ">
    <subfield code="0">20414</subfield>
    <subfield code="9">41862</subfield>
    <subfield code="d">Buenos Aires :  Noveduc,  1993-</subfield>
    <subfield code="t">Novedades Educativas</subfield>
    <subfield code="w">(AR-RoBPED)20414</subfield>
    <subfield code="x">03283534</subfield>
  </datafield>
  <datafield tag="942" ind1=" " ind2=" ">
    <subfield code="2">udc</subfield>
    <subfield code="c">REV</subfield>
    <subfield code="h">37(05)</subfield>
    <subfield code="m">Nov 86 N&#xB0; 399 (Nov.2024)</subfield>
    <subfield code="a">k.32595</subfield>
  </datafield>
  <datafield tag="945" ind1=" " ind2=" ">
    <subfield code="a">mar 04/2026</subfield>
  </datafield>
  <datafield tag="999" ind1=" " ind2=" ">
    <subfield code="c">32595</subfield>
    <subfield code="d">32595</subfield>
  </datafield>
</record>
